<?xml version="1.0" encoding="UTF-8"?>
<record
    xmlns:xsi="http://www.w3.org/2001/XMLSchema-instance"
    xsi:schemaLocation="http://www.loc.gov/MARC21/slim http://www.loc.gov/standards/marcxml/schema/MARC21slim.xsd"
    xmlns="http://www.loc.gov/MARC21/slim">

  <leader>00391nam a2200145Ia 4500</leader>
  <controlfield tag="008">230411s9999    xx            000 0 und d</controlfield>
  <datafield tag="020" ind1=" " ind2=" ">
    <subfield code="a">978-93-85891-54-0</subfield>
  </datafield>
  <datafield tag="041" ind1=" " ind2=" ">
    <subfield code="a">eng</subfield>
  </datafield>
  <datafield tag="082" ind1=" " ind2=" ">
    <subfield code="a">F/610.73/CLE/B08617</subfield>
  </datafield>
  <datafield tag="100" ind1=" " ind2=" ">
    <subfield code="a">Clement I</subfield>
    <subfield code="9">119826</subfield>
  </datafield>
  <datafield tag="245" ind1=" " ind2=" ">
    <subfield code="a">Textbook of Nursing Foundation</subfield>
  </datafield>
  <datafield tag="260" ind1=" " ind2=" ">
    <subfield code="b">Jaico Publishing House</subfield>
    <subfield code="a">New Delhi</subfield>
    <subfield code="c">2017</subfield>
  </datafield>
  <datafield tag="300" ind1=" " ind2=" ">
    <subfield code="a">998p</subfield>
  </datafield>
  <datafield tag="999" ind1=" " ind2=" ">
    <subfield code="c">158237</subfield>
    <subfield code="d">158237</subfield>
  </datafield>
  <datafield tag="952" ind1=" " ind2=" ">
    <subfield code="0">0</subfield>
    <subfield code="1">0</subfield>
    <subfield code="4">0</subfield>
    <subfield code="7">0</subfield>
    <subfield code="8">F</subfield>
    <subfield code="a">BTIN</subfield>
    <subfield code="b">BTIN</subfield>
    <subfield code="d">2017-03-30</subfield>
    <subfield code="e">Samutkarsh</subfield>
    <subfield code="g">895.00</subfield>
    <subfield code="i">1435</subfield>
    <subfield code="j">2</subfield>
    <subfield code="l">13</subfield>
    <subfield code="m">7</subfield>
    <subfield code="o">F 610.73 CLE B08617</subfield>
    <subfield code="p">BTIN-BK-8617</subfield>
    <subfield code="r">2025-01-24 00:00:00</subfield>
    <subfield code="s">2024-08-21</subfield>
    <subfield code="v">653.35</subfield>
    <subfield code="w">2017-03-30</subfield>
    <subfield code="y">BK</subfield>
    <subfield code="z">B08617</subfield>
  </datafield>
  <datafield tag="952" ind1=" " ind2=" ">
    <subfield code="0">0</subfield>
    <subfield code="1">0</subfield>
    <subfield code="4">0</subfield>
    <subfield code="7">0</subfield>
    <subfield code="8">F</subfield>
    <subfield code="a">BTIN</subfield>
    <subfield code="b">BTIN</subfield>
    <subfield code="d">2017-03-30</subfield>
    <subfield code="e">Samutkarsh</subfield>
    <subfield code="g">895.00</subfield>
    <subfield code="i">1435</subfield>
    <subfield code="j">2</subfield>
    <subfield code="l">20</subfield>
    <subfield code="m">4</subfield>
    <subfield code="o">F 610.73 CLE B08618</subfield>
    <subfield code="p">BTIN-BK-8618</subfield>
    <subfield code="r">2025-05-09 00:00:00</subfield>
    <subfield code="s">2025-05-08</subfield>
    <subfield code="v">653.35</subfield>
    <subfield code="w">2017-03-30</subfield>
    <subfield code="y">BK</subfield>
    <subfield code="z">B08618</subfield>
  </datafield>
  <datafield tag="952" ind1=" " ind2=" ">
    <subfield code="0">0</subfield>
    <subfield code="1">0</subfield>
    <subfield code="4">0</subfield>
    <subfield code="7">0</subfield>
    <subfield code="8">F</subfield>
    <subfield code="a">BTIN</subfield>
    <subfield code="b">BTIN</subfield>
    <subfield code="d">2018-01-16</subfield>
    <subfield code="e">Samutkarsh</subfield>
    <subfield code="g">895.00</subfield>
    <subfield code="i">1435</subfield>
    <subfield code="l">19</subfield>
    <subfield code="m">9</subfield>
    <subfield code="o">F 610.73 CLE B08752</subfield>
    <subfield code="p">BTIN-BK-8752</subfield>
    <subfield code="r">2025-01-07 00:00:00</subfield>
    <subfield code="s">2025-01-04</subfield>
    <subfield code="v">662.30</subfield>
    <subfield code="w">2017-03-30</subfield>
    <subfield code="y">BK</subfield>
    <subfield code="z">B08752</subfield>
  </datafield>
  <datafield tag="952" ind1=" " ind2=" ">
    <subfield code="0">0</subfield>
    <subfield code="1">0</subfield>
    <subfield code="4">0</subfield>
    <subfield code="7">0</subfield>
    <subfield code="8">F</subfield>
    <subfield code="a">BTIN</subfield>
    <subfield code="b">BTIN</subfield>
    <subfield code="d">2018-01-16</subfield>
    <subfield code="e">Samutkarsh</subfield>
    <subfield code="g">895.00</subfield>
    <subfield code="i">1435</subfield>
    <subfield code="l">20</subfield>
    <subfield code="m">4</subfield>
    <subfield code="o">F 610.73 CLE B08753</subfield>
    <subfield code="p">BTIN-BK-8753</subfield>
    <subfield code="r">2025-07-01 00:00:00</subfield>
    <subfield code="s">2025-06-27</subfield>
    <subfield code="v">662.30</subfield>
    <subfield code="w">2017-03-30</subfield>
    <subfield code="y">BK</subfield>
    <subfield code="z">B08753</subfield>
  </datafield>
  <datafield tag="952" ind1=" " ind2=" ">
    <subfield code="0">0</subfield>
    <subfield code="1">0</subfield>
    <subfield code="4">0</subfield>
    <subfield code="7">0</subfield>
    <subfield code="8">F</subfield>
    <subfield code="a">BTIN</subfield>
    <subfield code="b">BTIN</subfield>
    <subfield code="d">2018-01-16</subfield>
    <subfield code="e">Samutkarsh</subfield>
    <subfield code="g">895.00</subfield>
    <subfield code="i">1435</subfield>
    <subfield code="l">23</subfield>
    <subfield code="m">2</subfield>
    <subfield code="o">F 610.73 CLE B08754</subfield>
    <subfield code="p">BTIN-BK-8754</subfield>
    <subfield code="r">2024-10-25 00:00:00</subfield>
    <subfield code="s">2024-10-15</subfield>
    <subfield code="v">662.30</subfield>
    <subfield code="w">2017-03-30</subfield>
    <subfield code="y">BK</subfield>
    <subfield code="z">B08754</subfield>
  </datafield>
  <datafield tag="952" ind1=" " ind2=" ">
    <subfield code="0">0</subfield>
    <subfield code="1">0</subfield>
    <subfield code="4">0</subfield>
    <subfield code="7">0</subfield>
    <subfield code="8">F</subfield>
    <subfield code="a">BTIN</subfield>
    <subfield code="b">BTIN</subfield>
    <subfield code="d">2018-01-16</subfield>
    <subfield code="e">Samutkarsh</subfield>
    <subfield code="g">895.00</subfield>
    <subfield code="i">1435</subfield>
    <subfield code="l">17</subfield>
    <subfield code="m">5</subfield>
    <subfield code="o">F 610.73 CLE B08755</subfield>
    <subfield code="p">BTIN-BK-8755</subfield>
    <subfield code="r">2024-11-22 00:00:00</subfield>
    <subfield code="s">2024-11-13</subfield>
    <subfield code="v">662.30</subfield>
    <subfield code="w">2017-03-30</subfield>
    <subfield code="y">BK</subfield>
    <subfield code="z">B08755</subfield>
  </datafield>
</record>
